| 000 -CABECERA |
| fixed length control field |
01232nam a22002537i 4500 |
| 003 - IDENTIFICADOR DEL NÚMERO DE CONTROL |
| control field |
AR-CdUCM |
| 008 - DATOS DE LONGITUD FIJA--INFORMACIÓN GENERAL |
| fixed length control field |
260422b20232023 pe||||| |||| 00| 0 spa d |
| 020 ## - NÚMERO INTERNACIONAL ESTÁNDAR DEL LIBRO |
| ISBN |
978-612-331-079-0 |
| 040 ## - FUENTE DE LA CATALOGACIÓN |
| Agencia/entidad que catalogó originalmente la obra |
MUNICIPALIDAD PROVINCIAL DEL CUSCO |
| Entidad que transcribió la catalogación |
BIBLIOTECA MUNICIPAL DEL CUSCO |
| 082 ## - NÚMERO DE LA CLASIFICACIÓN DECIMAL DEWEY |
| No. de Clasificación |
985.061 |
| Notacion interna |
P43 |
| 100 ## - ENTRADA PRINCIPAL--NOMBRE DE PERSONA |
| Nombre Personal |
Pereyra Plasencia, Hugo |
| 245 ## - MENCIÓN DE TÍTULO |
| Título |
Nuevas visiones sobre la Guerra y la Posguerra del Pacífico / |
| 260 ## - PUBLICACIÓN, DISTRIBUCIÓN, ETC. |
| Lugar de publicación, distribución, etc. |
Lima-Perú : |
| Nombre de la editorial, distribuidor, etc. |
Universidad Ricardo Palma - Editorial Universitaria |
| Fecha de publicación, distribución, etc. |
2023 |
| 300 ## - DESCRIPCIÓN FÍSICA |
| Nº de Páginas Extensión |
250 páginas . : |
| Dimensiones |
24x17 cm. |
| 500 ## - NOTA GENERAL |
| Bibliografía |
Páginas: 237-250 |
| 505 ## - NOTA DE CONTENIDO CON FORMATO |
| Nota de contenido formateada |
La alianza defensiva peruano-boliviana y la misión La Valle -- La guerra con España y el tratado de 1866 -- Chile manda a construir sus blindados -- Un tratado secreto que se conoce por toda Arica -- Iquique, 27 de mayo de 1873 -- La misión de José Antonio La Valle -- El gobierno de chile pide al Perú la neutralidad absoluta -- Las paciones belicistas se apoderan de la sociedad chilena |
| 650 ## - PUNTO DE ACCESO ADICIONAL DE MATERIA--TÉRMINO DE MATERIA |
| Descriptor |
Guerra del Pacifico |
| 9 (RLIN) |
52642 |
| 650 ## - PUNTO DE ACCESO ADICIONAL DE MATERIA--TÉRMINO DE MATERIA |
| Descriptor |
Perú-Bolivia |
| 9 (RLIN) |
30180 |
| 650 ## - PUNTO DE ACCESO ADICIONAL DE MATERIA--TÉRMINO DE MATERIA |
| Descriptor |
Joaquín Godoy en Lima |
| 9 (RLIN) |
52643 |
| 650 ## - PUNTO DE ACCESO ADICIONAL DE MATERIA--TÉRMINO DE MATERIA |
| Descriptor |
Visiones estereotipadas |
| 9 (RLIN) |
52644 |
| 942 ## - ELEMENTOS DE PUNTO DE ACCESO ADICIONAL (KOHA) |
| Fuente de clasificación |
|
| Tipo de item |
Libros-BMC |
| 945 ## - PROCESAMIENTO DE INFORMACIÓN LOCAL (OCLC) |
| Catalogador |
pbjr |
| AAAA-MM-DD - Fecha de ingreso o modificacion |
22-04-2026 |